| 000 | 01366cam a22004097i 4500 | ||
|---|---|---|---|
| 999 |
_c478598 _d478598 |
||
| 001 | 17751866 | ||
| 003 | NUST | ||
| 005 | 20180605073919.0 | ||
| 008 | 130524s2013 enka b 001 0 eng | ||
| 010 | _a 2013941293 | ||
| 020 | _a9780199677214 (hbk.) | ||
| 020 | _a0199677212 (hbk.) | ||
| 020 | _a9780199677221 (pbk.) | ||
| 020 | _a0199677220 (pbk.) | ||
| 035 | _a(OCoLC)ocn858935541 | ||
| 038 | _aSNS Library | ||
| 040 |
_aDLC _beng _cCUD _erda _dOCLCO _dUAT _dDLC |
||
| 042 | _alccopycat | ||
| 050 | 0 | 0 |
_aQC611 _b.R54 2013 |
| 082 | 0 | 4 |
_a537.622 RID 2013 _223 |
| 100 | 1 |
_aRidley, B. K., _eauthor. _911015 |
|
| 245 | 1 | 0 |
_aQuantum Processes in Semiconductors _cB.K. Ridley, FRS, Professor Emeritus of Physics, University of Essex. |
| 250 | _aFifth edition. | ||
| 264 | 1 |
_aOxford : _bOxford University Press, _c2013. |
|
| 300 |
_axviii, 430 pages : _billustrations ; Pb. _c25 cm |
||
| 336 |
_atext _btxt _2rdacontent |
||
| 337 |
_aunmediated _bn _2rdamedia |
||
| 338 |
_avolume _bnc _2rdacarrier |
||
| 500 | _aPrevious edition: 1999. | ||
| 504 | _aIncludes bibliographical references and indexes. | ||
| 650 | 0 |
_aSemiconductors. _911016 |
|
| 650 | 0 |
_aQuantum theory. _9177 |
|
| 906 |
_a7 _bcbc _ccopycat _d2 _eepcn _f20 _gy-gencatlg |
||
| 942 |
_2ddc _cBK |
||